Historia da imprensa no Brasil.

Bibliographic Details
Main Author: Sodré, Nelson Werneck, 1911-
Format: Book
Language:Portuguese
Published: [Rio de Janeiro] : Civilizacao Brasileira, 1966.
Series:Retratos do Brasil, v. 51
Subjects:

MARC

Tag First Indicator Second Indicator Subfields
LEADER 00000cam a2200000 4500
001 in00000487501
005 20151013054001.0
008 760625s1966 bl b 00100 por
010 |a  67073086  
035 |a (OCoLC)02280997 
035 |9 ACC1093AM 
040 |a DLC  |c TXA  |d UtOrBLW 
049 |a [Hum] TXAM  |c [1163128] 
050 0 0 |a Z521  |b .S6 
082 0 |a 655.181 
100 1 |a Sodré, Nelson Werneck,  |d 1911- 
245 1 0 |a Historia da imprensa no Brasil. 
264 1 |a [Rio de Janeiro] :  |b Civilizacao Brasileira,  |c 1966. 
300 |a 583 pages ;  |c 21 cm. 
336 |a text  |b txt  |2 rdacontent 
337 |a unmediated  |b n  |2 rdamedia 
338 |a volume  |b nc  |2 rdacarrier 
490 0 |a Retratos do Brasil, v. 51 
504 |a Bibliography: pages 517-528. 
650 0 |a Printing  |x History  |z Brazil. 
999 |a MARS 
999 f f |s bc8818fe-f6ad-33f2-9727-545cb9eb382d  |i e6b94224-6301-3c56-ad4a-d5f748af38f3  |t 0 
952 f f |p ric  |a Texas A&M University  |b Rellis Campus  |c Joint Library Facility  |d Remote Storage  |t 0  |e Z521 .S6  |h Library of Congress classification  |i unmediated -- volume  |m A14805729850 
998 f f |a Z521 .S6  |t 0  |l Remote Storage